Sarius- 15 Najpopularniejszych piosenek - Statystyki

Ogólne statystyki
  • Ten quiz został rozwiązany 382 razy
  • Średni wynik to 6 z 15
Statystyki odpowiedzi
Hint Odpowiedź % Poprawnych
48 600000 Wiking
99%
9 000000 Dobry Chłopak
72%
10 200000 Dziecko Wojny
65%
6 900000 Kurtyna
56%
13 400000 NajsHajs
52%
7 300000 Wiosna
45%
6 500000 Powiedział mi ktoś
42%
6 200000 To co chcesz
30%
4 700000 Zmora
30%
3 100000 Jedynak
26%
2 100000 Definicja
24%
2 500000 Dziedzic Korony
20%
4 100000 Czasem
18%
2 100000 Mariusz to Sarius
16%
3 500000 Jak Nikt
14%
Nie znaleziono quizów pasujących do podanych kryteriów
Rozkład punktacji
Procent ludzi z każdym wynikiem
Percentyl według liczby udzielonych odpowiedzi
Twoja historia wyników
Nie rozwiązałeś tego quizu